| 000 | 00687nam a2200217Ii 4500 | ||
|---|---|---|---|
| 003 | JO-AjNU | ||
| 008 | 230606s9999||||xx |||||||||||||| ||und|| | ||
| 020 | _a0-15-571375-2 | ||
| 040 |
_aJO-AjNU _beng _erda _cJO-AjNU |
||
| 041 | _aeng | ||
| 050 | 1 | 4 | _aHF5635 .W1643 1987 |
| 100 | 3 |
_aWalgenbach,Paul H/ Hanson,Ernest I /Dittrich , Norman E, _eauthor _93353 |
|
| 245 | 0 | 0 | _aPrinciples of Accounting |
| 250 | _a4th ed | ||
| 264 | 3 | 1 | _aNew York : Harcourt Brace Jovanovich,1987 |
| 300 |
_a1146p _bglossary(1124-1137p), indexes(1138-1146p) |
||
| 336 |
_atext _btxt _2rdacontent |
||
| 337 |
_aunmediated _bn _2rdamedia |
||
| 338 |
_avolume _bnc _2rdacarrier |
||
| 650 | 4 |
_aAccounting _93354 |
|
| 999 |
_aE1752 _c1752 _d1752 |
||